000 00835 a2200229 4500
003 UA-OsUOA
005 20260310145045.0
008 260310b un ||||| |||| 00| 0 ukr d
020 _a9789665793656
040 _bukr
_cUA-OsUOA
080 _a821.161.2-1
090 _a821.161.2-1
_bГ61
100 _aГолобородько В.
_924361
245 _aБілі кімнатні рослини
_bпоезії
_cВасиль Голобородько
260 _aК.
_bПросвіта
_bУкраїнський письменник
_c2013
300 _a296 с.
490 _aIn corpore
650 _a821.161.2 Українська література
_941
942 _cBK
_2udc
955 _a3
999 _c580023
_d580023